000
nam a22 7a 4500
999
_c
44993
_d
44993
003
OSt
005
20190402105907.0
008
190402b xxu||||| |||| 00| 0 eng d
040
_c
IIMT UNIVERSITY
100
_a
GUPTA J M L
245
_a
THERMAL ENGINEERING
250
_a
1 ED
300
_a
583
942
_2
ddc
_c
09
_e
1 ED